Optimalizácia prevádzkových nákladov na vozový park

Návrh spôsobu optimalizácie prevádzkových nákladov na vozový park vo firme METEOR Slovensko, s.r.o. Optimalizačné úlohy sú riešené pomocou lineárneho programovania.

Salvato in:
Dettagli Bibliografici
Autore principale: Takáčová, Andrea
Natura: Capitolo di libro
Lingua:slovacco
Soggetti:
Tags: Aggiungi Tag
Nessun Tag, puoi essere il primo ad aggiungerne!!

MARC

LEADER 00000nla$a2200000$$$4500
001 0105481
005 20240502072151.5
041 0 |a slo 
044 |a SK 
245 1 0 |a Optimalizácia prevádzkových nákladov na vozový park  |c Andrea Takáčová 
520 |a Návrh spôsobu optimalizácie prevádzkových nákladov na vozový park vo firme METEOR Slovensko, s.r.o. Optimalizačné úlohy sú riešené pomocou lineárneho programovania. 
610 2 0 |a firmy 
610 2 0 |a náklady prevádzkové 
610 2 0 |a optimalizácia 
610 2 0 |a park vozový 
610 2 0 |a programovanie lineárne 
100 1 |a Takáčová, Andrea